000
00301nam a22001217a 4500
082
_a
P-184
100
_a
S. Shariq Bukhari
_9
47909
245
_a
Extension and rehablitation of Sherpao bridge Lahore.
260
_a
MCE
_c
17.03.2001
526
_a
0
_b
0
_c
0
_d
P_184
650
_a
Project
942
_2
ddc
_c
BK
999
_c
550997
_d
550997